Príručná gramatika nemčiny

Podrobná bibliografia
Hlavný autor: Marko, Ernest (Autor)
Médium: Kniha
Jazyk:slovenčina
nemčina
Fyzický popis:342 strán tabuľky 21 cm
Vydavateľské údaje: Bratislava Slovenské pedagogické nakladateľstvo 1991
ISBN:8008014105
Vydanie:3. vyd.
Predmet:

MARC

LEADER 00000cam a2200000 a 4500
001 vtls001064824
003 SK-MaSNL
005 20260302063730.0
008 240226s1991 xo l grf 000 0 slo
015 |a SNBA1991/06 
020 |a 8008014105  |q (viazané) 
035 |a SNK000007654 
035 |a BCEF5145-5B52-49FC-B06E-B37CEB797456 
035 |a urn:nbn:sk:snk-am00ijjs 
040 |a SNK  |b slo  |c SNK  |e AACR2 
041 0 |a slo  |a ger 
044 |a xo  |c SK 
072 7 |a 811.112.2  |x Nemčina  |2 konspekt 
080 |a 803.0-5(035)  |2 1981 
080 |a 811.112.2  |2 2011 
080 |a (035)  |2 2011 
080 |a 81'36  |2 2011 
100 1 |a Marko, Ernest  |4 aut  |9 310377 
245 1 0 |a Príručná gramatika nemčiny  |c Ernest Marko 
250 |a 3. vyd. 
260 |a Bratislava  |b Slovenské pedagogické nakladateľstvo  |c 1991  |e Bratislava  |f Danubiaprint 
300 |a 342 strán  |b tabuľky  |c 21 cm 
500 |a Obsahuje zoznam skratiek 
504 |a Bibliografia na strane 342 
650 0 7 |a nemčina  |2 SNKPH  |9 1384 
650 0 7 |a gramatika  |2 SNKPH  |9 865 
655 7 |a príručky  |2 SNKPH  |9 74364 
852 |a Slovenská národná knižnica 
919 |a 80-08-01410-5 
954 |a odborná, vedecká literatúra pôvodná (slovenská)  |2 lita 
958 |a TL 
958 |a NB 
999 |c 1133748  |d 1135678 
952 |t P60, <04>, [BOOK], {604}  |a SNK  |b SNK  |y VYP  |7 0  |p 17A0057561  |o snkSC 79619 D1  |0 0  |1 0  |4 0  |d 1997-04-04  |l 0  |r 2004-12-31 00:00:00  |w 2026-02-24 
952 |a SNK  |b SNK  |y PREZ  |7 0  |p 17A0994078  |o snkSC 79619  |i snkKSP 4408/91  |0 0  |1 0  |4 0  |d 2012-08-09  |f 1  |l 0  |r 2026-02-24 19:10:22  |w 2026-02-24